Quiz de Stranger Things - Statistiques

Statistiques générales
  • Ce quiz a été pris 2 122 fois
  • Le résultat moyen est 15 sur 20
Statistiques - réponses
Hint Réponse % Correct
Elle adore les gaufres mais surtout "les amis ne mentent pas" Onze
99%
Il a été envoyé dans le monde à l'envers dans la saison 1 Will
99%
Tout le monde le croyait mort alors qu'il était en Russie Hopper
98%
Elle a communiqué avec son fils à travers des guirlandes Joyce
92%
Elle à échappé a la malédiction de Vecna une fois Max
90%
Il a chanté Never Ending Story avec sa copine Dustin
88%
C'est un super baby-sitter Steve
87%
Il accueilli une timbrée chez lui et ses parents ne le savent toujours pas Mike
86%
Avec Steve, ils ont soi-disant tué Barbara Nancy
80%
Elle est amoureuse de Vicky Robin
76%
Il se faisait appeler pot de colle dans la saison 2 Lucas
72%
Il s'est sacrifié pour sauver Onze et ses amis Billy
70%
Il est mort dans le monde à l'envers car il n'a pas fuit Eddie
69%
Il parle couramment Russe et il boit beaucoup d'alcool Murray
65%
Elle est surdouée et très intelligente en terme d'informatique Suzie
64%
Il a mangé le chat de Dustin Dart
60%
Elle peut faire voir des choses qui n'existent pas aux gens Kali
57%
Il a tué son patron dans la saison 3 Jonathan
52%
Il a été emprisonné à tort pour le meurtre de sa famille Victor Creel
41%
Il a été coupé en deux en essayant de sauver sa copine Jason
30%
Aucun quiz correspondant
Distribution des résultats
% des personnes avec chaque résultat
Percentile par nombre de réponses
Votre historique - résultats
Vous n’avez pas pris ce quiz